Speciális marketing eszközök a vendéglátás területén. A marketing koncepciót megalapozó piaci helyzetfelmérés és arculat kialakítás egy budapesti vendéglátóhely példáján keresztül
| Szerző: | |
|---|---|
| További közreműködők: | |
| Dokumentumtípus: | Diplomadolgozat |
| Kulcsszavak: | Marketingstratégia Imázs Felmérés, kérdőíves Vendéglátóipar Versenytárselemzés |
| Online Access: | http://dolgozattar.uni-bge.hu/59310 |
MARC
| LEADER | 00000nta a2200000 i 4500 | ||
|---|---|---|---|
| 001 | dolg59310 | ||
| 005 | 20260109131607.0 | ||
| 008 | 260108suuuu hu om 000 hun d | ||
| 040 | |a BGE Dolgozattár Repozitórium |b hun | ||
| 041 | |a hu | ||
| 100 | 1 | |a Lenkefi Anna | |
| 245 | 1 | 0 | |a Speciális marketing eszközök a vendéglátás területén. A marketing koncepciót megalapozó piaci helyzetfelmérés és arculat kialakítás egy budapesti vendéglátóhely példáján keresztül |c Lenkefi Anna |h [elektronikus dokumentum] |
| 695 | |a Marketingstratégia | ||
| 695 | |a Imázs | ||
| 695 | |a Felmérés, kérdőíves | ||
| 695 | |a Vendéglátóipar | ||
| 695 | |a Versenytárselemzés | ||
| 695 | |a Felmérés, kérdőíves | ||
| 700 | 1 | |a Rudolfné Katona Mária |e ths | |
| 856 | 4 | 0 | |u http://dolgozattar.uni-bge.hu/59310/1/Lenkefi-Anna.pdf |z Dokumentum-elérés |